000
00331nam a22001457a 4500
008
221124b ||||| |||| 00| 0 eng d
020
_a
9780060000370
041
_a
eng
080
_2
5TH EDITION
_a
610.73
082
_a
610.73 BOY
100
_a
7
101
_a
INF
245
_a
PSYCHIATRIC NURSING
_c
BOYD. A .M
942
_2
udc
_c
BK
999
_c
59035
_d
59035